Teória štatistiky /
Uložené v:
| Hlavný autor: | |
|---|---|
| Médium: | Kniha |
| Jazyk: | Slovak |
| Vydané: |
Bratislava :
Vysoká škola ekonomická,
1990
|
| Vydanie: | 1. vyd. |
| Témy: | |
| ISBN: |
8022501816 (brož.) |
| Fyzický popis: |
514 s. |
| Tagy: |
Pridať tag
Žiadne tagy, Buďte prvý kto otaguje tento záznam!
|
Titul je dostupný aj v ... 

MARC
| LEADER | 00000nam a2200000 a 4500 | ||
|---|---|---|---|
| 001 | 000217536 | ||
| 005 | 20060830123215.0 | ||
| 008 | 060420s1990 xo e 000 0 sloo | ||
| 020 | |a 8022501816 (brož.) | ||
| 040 | |a SVKKK |b slo |c SVKKK |e AACR2 | ||
| 041 | 0 | |a slo | |
| 044 | |a xo |c SK | ||
| 100 | 1 | |a Bakytová, Hedviga, |d 1932- |4 aut | |
| 245 | 1 | 0 | |a Teória štatistiky / |c Hedviga Bakytová |
| 250 | |a 1. vyd. | ||
| 260 | |a Bratislava : |b Vysoká škola ekonomická, |c 1990 | ||
| 300 | |a 514 s. | ||
| 655 | 7 | |a učebnice vysokých škôl |2 SVKKKPH | |
| 910 | |a svkkk | ||
| 919 | |a 80-225-0181-6 | ||
| 998 | |a BK | ||
| 090 | |g SCKHL |k Sklad Pribinova 3. posch. |a V.170994 |j 809048 |i 2720148006 |s Absenčne | ||
| 090 | |g SCKHL |k Sklad Pribinova 3. posch. |a V.172184 |j 812897 |i 2720060774 |s Absenčne | ||